header

The black sun (Record no. 123858)

MARC details
000 -LEADER
fixed length control field 01596nam a2200397 a 4500
082 04 - DEWEY DECIMAL CLASSIFICATION NUMBER
Classification number 150.19/54
100 1# - MAIN ENTRY--AUTHOR NAME
Personal name Marlan, Stanton.
245 14 - TITLE STATEMENT
Title The black sun
250 ## - EDITION STATEMENT
Edition statement 1st ed.
260 ## - PUBLICATION, DISTRIBUTION, ETC. (IMPRINT)
Place of publication College Station :
Name of publisher Texas A&M University Press,
Year of publication c2005.
300 ## - PHYSICAL DESCRIPTION
Number of Pages xix, 266 p. :
Other physical details ill. (some col.).
490 1# - SERIES STATEMENT
Series statement Carolyn and Ernest Fay series in analytical psychology ;
650 #0 - SUBJECT ADDED ENTRY--TOPICAL TERM
Topical Term Jungian psychology.
Topical Term Alchemy
Topical Term Shadow (Psychoanalysis)
Topical Term Self.
700 1# - ADDED ENTRY--PERSONAL NAME
Personal name Rosen, David H.
856 40 - ELECTRONIC LOCATION AND ACCESS
Uniform Resource Identifier http://site.ebrary.com/lib/rucke/Doc?id=10455960

No items available.

© 2026 Rongo University
Contact us: librarian | system librarian | Rongo university